00516 a2200145 450000500170000002000260001708200180004310000170006124500660007826000370014430000220018194200130020399900150021695201390023120250624134838.0 a-13:978-0-07-149832-6 a658.4'052 COH aCOHEN, S. P. aNegotiate Your Way to Success:24 Steps to Building Agreement. aNew York,b Mc Graw Hill,c2007. aix, 48p; c23.7cm 2ddccBKS c4873d4873 r2025-06-24 13:54:36l0o658.4'052 COHpDOM0003550v30000.00w2025-06-24yBKS102ddc407000a004b004cSPECIALd2010-04-26g10000.00